00465 2200193 4500001002100000005001500021008004100036020001800077035002500095041000800120082000800128090000800136100001800144245003100162250001600193260003100209300002100240650001000261INLIS00000000000230420130515125230 ind  a979-24-4817-9 a0010-051300000002304 aind aFik aFik aRizka, Fahmia aYou Know I Love You But... aCetakan : 1 aJakartabPuspa Swarac2006 a186 hlm. ;20 cm. aFiksi